| 000 | 00445nam a2200181Ia 4500 | ||
|---|---|---|---|
| 008 | 230524s9999 xx 000 0 und d | ||
| 020 | _a8123905432 | ||
| 082 |
_a624 _bBIC |
||
| 100 | _aJohn O. Bickel | ||
| 245 | 0 | _aTunnel Engineering Hand Book | |
| 250 | _a2 | ||
| 260 |
_aNew Delhi _bCBS _c2004 |
||
| 300 | _a"xiv,544p;" | ||
| 500 | _aQuantity Number: 2 | ||
| 650 | _aCivil | ||
| 700 | _a"Thomas R. Kuesel,Elwyn H. King" | ||
| 942 | _cBK | ||
| 999 |
_c55297 _d55297 |
||